| 000 | 01014nam a22003017a 4500 | ||
|---|---|---|---|
| 003 | CHAP | ||
| 005 | 20220329140845.0 | ||
| 008 | 971013s1983 r 00010 d | ||
| 010 | _a58760 | ||
| 011 | _a59732 | ||
| 035 | _a63892 | ||
| 040 | _cCHAP | ||
| 090 | _aFolleto 10745 | ||
| 100 | 0 | 0 |
_aThompson G., Roberto. _9112873 |
| 245 | _aProblemática agraria y política petrolera en Chiapas | ||
| 260 |
_aTuxtla, Gutiérrez, Chis. : _bCentro de Investigaciones Ecológicas del Sureste, _c1983 |
||
| 300 |
_a37 p. _b; mapas : ilus. ; gráfs. |
||
| 590 |
_aBATCH-UPD _b10 _c20130110 _lUCH01 _h0318 |
||
| 590 |
_aBATCH-UPD _b10 _c20130110 _lUCH01 _h1702 |
||
| 590 |
_aBATCH-UPD _b10 _c20130409 _lUCH01 _h2351 |
||
| 590 |
_aBATCH-UPD _b10 _c20130914 _lUCH01 _h1932 |
||
| 590 |
_aCONVERSION _b10 _c20130109 _lUCH01 _h1332 |
||
| 650 | 1 | 4 |
_aPolítica petrolera _xChiapas. _990686 |
| 650 | 1 | 4 |
_aTierras _xTenencia _xChiapas. _9113149 |
| 901 | _aBK | ||
| 942 | _cFOLL | ||
| 949 |
_aFolleto 10745 _bBC _cFOLL _d-138174 _eTS1 _i63892 _si |
||
| 999 |
_c58760 _d58760 |
||